000 00709nam a22002177a 4500
003 DO-SdBNP
005 20171129091149.0
008 171117b 1996 mx ||||| |||| 00| 0 spa d
020 _a9701009924
040 _aBPMSU
_bspa
_cBPMSU
092 _axxxx
_bxxxx
100 1 _aRies, Al
240 1 0 _aFocus: the future of your company depends on it.
_lEspañol
245 1 0 _aEnfoque :
_bel único futuro de su empresa /
_cAl Ries ; traducción Roberto Hass García.
260 _aMexico ;
_b McGraw Hill,
_c1996.
300 _a347 p. ;
_c24 cm.
700 1 _aHass García, Roberto,
_etr.
942 _2ddc
_cBK
945 _aInventariado extranjero / 2017 BT
956 _aLOPEREZ
_b10
_c20171117
_h0041
_iBPMSU
999 _c12930
_d12930